| 000 | nam a22 7a 4500 | ||
|---|---|---|---|
| 999 |
_c30275 _d30275 |
||
| 008 | 190509b xxu||||| |||| 00| 0 eng d | ||
| 020 | _a9781844800902 | ||
| 050 | _aTX 911.3 .F75B35 2000 | ||
| 100 | _aBaker, Sue | ||
| 245 |
_aPrinciples of hotel front office operations/ _cSue Baker, Pam Bradley and Jeremy Huyton |
||
| 250 | _a2nd ed. | ||
| 260 |
_aHampshire : _bCengage Learning, _c©2000. |
||
| 300 | _aViii, 325 pages : illustrations ; 25 cm | ||
| 650 | _aHotel front desk personnel. | ||
| 650 | _aHotel management. | ||
| 700 | _a Bradley, Pam | ||
| 700 | _aHuyton, Jeremy | ||
| 942 |
_2lcc _cBOOKS _hTX 911.3 .F75B35 2000 |
||